| 000 | 01310cam a2200337 a 4500 | ||
|---|---|---|---|
| 001 | 000009586 | ||
| 005 | 20200929161631.0 | ||
| 008 | 930423s1988 sp b 000 0 spa d | ||
| 010 | _a89178191 | ||
| 020 | _a8478200150 | ||
| 035 | _a(OCoLC)21587769 | ||
| 040 |
_aDO-SdBNP _cOU _dInLP _dBNPHU |
||
| 042 | _alccopycat | ||
| 082 |
_a863.64 _bP438v |
||
| 100 | 1 |
_aPérez Gracia, César, _d1953- _924425 |
|
| 245 | 1 | 3 |
_aLa venus jánica : _bbreve estudio sobre los personajes femeninos de Jarnés / _cCésar Pérez Gracia. |
| 260 |
_aZaragoza : _bInstitución Fernando el Católico, _c1988. |
||
| 300 |
_a109 p. ; _c22 cm. |
||
| 490 | 1 |
_aPublicación de la Institución Fernando el Católico _v1,178 |
|
| 500 | _a"I Centenario del Nacimiento de Benjamín Jarnés"--P. [2]. | ||
| 504 | _aIncludes bibliographical references (p. 105). | ||
| 650 | 4 |
_aNovela española _91123 |
|
| 650 | 4 |
_aLiteratura española _9632 |
|
| 600 | 1 | 0 |
_aJarnés, Benjamín, _d1888-1950 _xCharacters _xWomen. _924426 |
| 650 | 0 |
_aWomen in literature. _924427 |
|
| 710 | 2 |
_aInstitucion "Fernando el Catolico." _920761 |
|
| 740 | 0 | _aBreve estudio sobre los personajes femeninos de Jarnes. | |
| 830 | 0 |
_aPublicacion de la Institucion "Fernando el Catolico" ; _v1,178. _916703 |
|
| 910 | _aCatalogación por copia / LC | ||
| 049 | _aBNGR | ||
| 999 |
_c9346 _d9346 |
||